Telephoney tutorials : a practical guide for managing business telecommunications resources (Record no. 268714)

000 -LEADER
fixed length control field 00299 a2200109 4500
001 - CONTROL NUMBER
control field 33641
090 ## - LOCALLY ASSIGNED LC-TYPE CALL NUMBER (OCLC); LOCAL CALL NUMBER (RLIN)
-- 22376
-- 22376
100 ## - MAIN ENTRY--PERSONAL NAME
Personal name Laino, Jane
245 ## - TITLE STATEMENT
Title Telephoney tutorials : a practical guide for managing business telecommunications resources
260 ## - PUBLICATION, DISTRIBUTION, ETC.
Place of publication, distribution, etc. N.Y.
Name of publisher, distributor, etc. Telecom Books
Date of publication, distribution, etc. 2000
505 ## - FORMATTED CONTENTS NOTE
Formatted contents note CD/DVD
942 ## - ADDED ENTRY ELEMENTS (KOHA)
Institution code [OBSOLETE] NUST-CAE
Holdings
Withdrawn status Lost status Damaged status Not for loan Collection code Permanent Location Current Location Date acquired Total Checkouts Barcode Date last seen Price effective from Koha item type
          College of Aeronautical Engineering (CAE) College of Aeronautical Engineering (CAE) 04/03/2017   CAE75696 04/05/2017 04/05/2017 Book
          College of Aeronautical Engineering (CAE) College of Aeronautical Engineering (CAE) 04/03/2017   CAE75709 04/05/2017 04/05/2017 Book
          College of Aeronautical Engineering (CAE) College of Aeronautical Engineering (CAE) 04/03/2017   CAE75708 04/05/2017 04/05/2017 Book
          College of Aeronautical Engineering (CAE) College of Aeronautical Engineering (CAE) 04/03/2017   CAE75707 04/05/2017 04/05/2017 Book
          College of Aeronautical Engineering (CAE) College of Aeronautical Engineering (CAE) 04/03/2017   CAE75697 04/05/2017 04/05/2017 Book
© 2023 Central Library, National University of Sciences and Technology. All Rights Reserved.